Essentials of human nutrition
Saved in:
| Main Author: | |
|---|---|
| Format: | Book |
| Language: | English |
| Published: |
[Abbey P. C. Global]
2015
|
| Tags: |
Add Tag
No Tags, Be the first to tag this record!
|
MARC
| LEADER | 00000nam a22000007a 4500 | ||
|---|---|---|---|
| 008 | 201214b ||||| |||| 00| 0 eng d | ||
| 020 | |a 978-978-53123-5-5 | ||
| 100 | |a MUSTAPHA, Bukola | ||
| 245 | |a Essentials of human nutrition |c Bukola Mustapha |g viii, 135p.; ill. | ||
| 260 | |b [Abbey P. C. Global] |c 2015 |h [S. I.] |i 691129 |i 691130 |l QP141 .M97 |m Nutrition – Textbooks |m Dietetics – Textbooks | ||
| 500 | |a It includes bibliography | ||
| 942 | |a lcc |c BK |e Kuteyi, M. A. |f 14/12/2020 | ||
| 952 | |0 0 |1 0 |2 lcc |4 0 |6 QP0141 M97 |7 0 |9 419 |a HOL |b AG |d 2020-12-14 |l 0 |o QP141 .M97 |p 2020-2150 |r 2020-12-14 00:00:00 |w 2020-12-14 |y BK | ||
| 952 | |0 0 |1 0 |2 lcc |4 0 |6 QP0141 M97 |7 0 |9 420 |a HOL |b HOL |d 2020-12-14 |l 0 |o QP141 .M97 |p 2020-2151 |r 2020-12-14 00:00:00 |w 2020-12-14 |y BK | ||
| 999 | |c 209 |d 209 | ||